000 00916cam a22002897a 4500
003 CHAP
005 20220329135215.0
008 971013s r 00010 d
010 _a32623
011 _a33595
035 _a37711
040 _cCHAP
090 _aR-471
100 0 0 _aNishiyama, Ichizo.
_981382
245 0 _aPolyploid-studies in the Brassicae, II. III.
500 _aSobretiro de : Memoirs of the Research Institute for food Science. Kyoto. (3) : 8-14, 1952. (5) : 1-13, 1953
590 _aBATCH-UPD
_b10
_c20130110
_lUCH01
_h0154
590 _aBATCH-UPD
_b10
_c20130110
_lUCH01
_h1815
590 _aBATCH-UPD
_b10
_c20130410
_lUCH01
_h1150
590 _aBATCH-UPD
_b10
_c20130914
_lUCH01
_h0747
590 _aCONVERSION
_b10
_c20130109
_lUCH01
_h1318
650 1 4 _aBrassica.
_915081
650 1 4 _aRĂ¡banos.
_997850
901 _aBK
942 _cREIMP
949 _aR-471
_bBC
_cR
_d-86397
_eTS1
_i37711
_si
999 _c32623
_d32623